|
|
|
|
| LEADER |
00893nam a2200241 a 4500 |
| 001 |
2068193 |
| 008 |
090816s1995 nyua b 001 0 eng d |
| 010 |
|
|
|a 94013649
|
| 020 |
|
|
|a 0195637941
|
| 020 |
|
|
|a 0195071808 (pbk. : alk. paper)
|
| 040 |
|
|
|a DLC
|c DLC
|d DLC
|
| 082 |
0 |
0 |
|a 338.9
|2 20
|
| 245 |
0 |
0 |
|a Leading issues in economic development /
|c [edited by] Gerald M. Meier.
|
| 250 |
|
|
|a 6th ed.
|
| 260 |
|
|
|a New York :
|b Oxford University Press,
|c 1995.
|
| 300 |
|
|
|a vi, 591 p. :
|b ill. ;
|c 24 cm.
|
| 504 |
|
|
|a Includes bibliographical references and index.
|
| 541 |
1 |
|
|e 00012227
|
| 650 |
|
0 |
|a Economic development.
|
| 700 |
1 |
|
|a Meier, Gerald M.
|
| 852 |
4 |
|
|a Ayesha Abed Library
|j General shelf
|
| 999 |
|
|
|c 3149
|d 3149
|
| 952 |
|
|
|0 0
|1 0
|2 ddc
|4 0
|6 338_900000000000000_LEA
|7 0
|9 2854
|a BRACUL
|b BRACUL
|c GEN
|d 2009-08-30
|g 295.00
|l 1
|o 338.9 LEA
|p 3010012227
|r 2016-12-10
|s 2016-12-02
|t 1
|v 590.00
|w 2009-08-30
|y BK
|